000 01968nam a22001577a 4500
999 _c528204
_d528204
008 241119b ||||| |||| 00| 0 eng d
100 _aSaxena, Rekha and Pathak, Rounak Kumar
_959543
245 _aIndian federalism and the ongoing pandemic: Systemic transformation and altered federal arrangements
260 _aBihar Journal of Public Administration
300 _a18(1A), Jan-Jun, 2021: p.1-11
520 _aIn wake of the cataclysmic pandemic, the expected cooperation between centre and state, in containing the outbreak, has only increased manifold. This appreciated the fact that no single level of government is equipped to this health crisis singlehandedly. This also resulted in rigid compliance of the existing laws, viz. Epidemic Disease Act and Disaster Management Act. The significant role of various level of government needs to be acknowledged, while centre’s focus has been essentially in achieving economies of scale in vaccine development, in setting up guidelines and directives for the entire administrative units in the country at all levels; states have persistently played a significant role in executing effective responses to health crisis. However, the series of conflicts between and centre and state governments around varied issues cannot be ignored. Such contentions in inter governmental reactions have been around the conduct of the exams, opening of the public spaces etc. Yet, the spirit of cooperative federalism remains an absolute requirement and necessity towards overcoming such health crisis. – Reproduced http://www.iipabiharbranch.org/upload/Complete%20BJPA%20Vol.%20XVIII%20No.%201A%20(Covid%20special%20issue)%202021.pdf
650 _aCovid-19, Cooperative federalism, Centre-state relations, Epidemic disease act, Disaster management act, Dharavi model, Bhilwara model, Neet/ jee, Schedule vii, GSDP.
_948945
773 _aBihar Journal of Public Administration
906 _aPANDEMIC
942 _cAR